Tenant's extra (Record no. 78944)
[ view plain ]
| 000 -LEADER | |
|---|---|
| fixed length control field | 01485cab a22002175a 4500 |
| 001 - CONTROL NUMBER | |
| control field | L138644 |
| 008 - FIXED-LENGTH DATA ELEMENTS--GENERAL INFORMATION | |
| fixed length control field | 070628e20070622xxk f 000 0 eng d |
| 035 ## - SYSTEM CONTROL NUMBER | |
| System control number | (Sirsi) u138644 |
| 041 0# - LANGUAGE CODE | |
| Language code of text/sound track or separate title | eng |
| 100 1# - MAIN ENTRY--PERSONAL NAME | |
| Personal name | Ross, Jonathan |
| 245 00 - TITLE STATEMENT | |
| Title | Tenant's extra |
| 260 ## - PUBLICATION, DISTRIBUTION, ETC. | |
| Date of publication, distribution, etc. | 2007 |
| 490 ## - SERIES STATEMENT | |
| Series statement | Property Week |
| Volume/sequential designation | 72(25) 22 June 2007, 91(1) |
| 520 ## - SUMMARY, ETC. | |
| Summary, etc. | Reports on the case of Crow and another V Waters and another, heard on 15 May 2007. The case shows that it is essential for an occupier to have been granted exclusive occupation of land for a tenancy to be created. C was given permission to use land for peat extraction. C claimed they had been orally granted a tenancy and were therefore protected under legislation. W argued he had only granted a licence for the property to be used. Furthermore, C had not had exclusive occupation as another party had licence to farm the land. C argued that there had been correspondence in existence referring to them as tenants. "Held": When this correspondence was produced, W immediately claimed it to be a forgery. The judge noted the misspelling of W's name. He decided on balance of probability that it was a forgery. Therefore there had been no lease or exclusive occupation, but merely a licence. |
| 590 ## - LOCAL NOTE (RLIN) | |
| Local note | KA |
| 650 24 - SUBJECT ADDED ENTRY--TOPICAL TERM | |
| Topical term or geographic name entry element | CROW AND ANOTHER V WATERS AND ANOTHER |
| 650 24 - SUBJECT ADDED ENTRY--TOPICAL TERM | |
| Topical term or geographic name entry element | LANDLORD AND TENANT ACT 1954 |
| 651 #4 - SUBJECT ADDED ENTRY--GEOGRAPHIC NAME | |
| Geographic name | England and Wales |
| Chronological subdivision | 1543- |
| 690 ## - LOCAL SUBJECT ADDED ENTRY--TOPICAL TERM (OCLC, RLIN) | |
| Topical term or geographic name as entry element | PROPERTY-LANDLORD AND TENANT-TENANCIES-AGRICULTURAL TENANCIES |
| 942 ## - ADDED ENTRY ELEMENTS (KOHA) | |
| Suppress in OPAC | 0 |
| Withdrawn status | Lost status | Source of classification or shelving scheme | Damaged status | Not for loan | Home library | Current library | Shelving location | Date acquired | Total Checkouts | Full call number | Barcode | Date last seen | Copy number | Price effective from | Koha item type |
|---|---|---|---|---|---|---|---|---|---|---|---|---|---|---|---|
| Dewey Decimal Classification | London | London | Journal article | 28/06/2007 | L138644 | 138644-1001 | 06/08/2019 | 1 | 06/08/2019 | Journal article |